Online Catalogue and eLibrary

Bharathiya dharma shasthra saha sinhala sirith virith (Record no. 2125)

MARC details
000 -LEADER
fixed length control field 00500nam a2200169Ia 4500
005 - DATE AND TIME OF LATEST TRANSACTION
control field 20250613040639.0
008 - FIXED-LENGTH DATA ELEMENTS--GENERAL INFORMATION
fixed length control field 240331s9999 xx 000 0 und d
020 ## - INTERNATIONAL STANDARD BOOK NUMBER
ISBN 9552104246
082 ## - DDC Classification
Item Number - Author Mark HIT
Class No. 306
100 ## - MAIN ENTRY--PERSONAL NAME
Personal name Hiththatiye Sri Vimalakeerthi, Uditha Himi
245 #0 - TITLE STATEMENT
Title Bharathiya dharma shasthra saha sinhala sirith virith
250 ## - EDITION STATEMENT
Edition statement 2nd
260 ## - PUBLICATION, DISTRIBUTION, ETC.
Place of publication, distribution, etc. Colombo
Name of publisher, distributor, etc. A.M.D. Gunasena & Co
Date of publication, distribution, etc. 1989
300 ## - PHYSICAL DESCRIPTION
Extent (e.g. Volumes, Pages etc.) 317 p .,
500 ## - GENERAL NOTE
General note A book of Indian Dharma Shastras and Sinhala Customs
942 ## - Koha item type (Biblio)
Koha item type Books in Stacks (Lending)
Holdings
Lost status Damaged status Collection code Home library Current library Shelving location Date acquired Full call number Accession Number Item type
    Lending WERC Library WERC Library Social Science Cupboard 03/31/2024 306 HIT 3364 Books in Stacks (Lending)

© WERC Library